000 01293naa a22003737a 4500
001 BR8005856
003 BR-BrBNA
005 20240918174653.0
007 ta
008 230509b bl.||||| |||| 00| 0 por d
040 _aBR-BrBNA
_bpor
_cBiblioteca Nacional de Agricultura
041 _a(Pt)
072 _aP10
_b/G514
_bGZ64
090 _aP10 BR8005856
100 1 _aPorsani, M.J.
100 1 _aRijo, L.
100 1 _aBischoff, J.
100 1 _aFonseca, N.R.M. da
111 1 _a1. Congresso Brasileiro de Aguas Subterraneas
_cRecife, PE (Brazil)
_d9-14 Nov 1980
245 1 _aMetodos geofisicos aplicados a prospeccao de agua subterranea, na regiao do lago Arari [Ilha do Marajo, Para, Brasil]
260 3 _aRecife, PE (Brasil):
_c1980.
500 _aAnais do 1. Congresso Brasileiro de Aguas Subterraneas Recife, PE (Brasil): 1980. p. 269-284 (BR8005856-AM)P10
650 _aHIDROGEOLOGIA
650 _aAGUAS SUBTERRANEAS
650 _aPOCO
650 _aCAPTACAO D'AGUA
650 _aANALISE QUIMICA
650 _aLAGO ARIRI
650 _aILHA DO MARAJO
650 _aPARA
773 0 _tAnais do 1. Congresso Brasileiro de Aguas Subterraneas
_wP10 BR8005856
_gRecife, PE (Brasil), 1980. p. 269-284
909 _a202404
_bLucia
_c55
_dLucia Elande
942 _cAM
_2AGRIS
999 _c312753
_d312753